Normal view
MARC view
- Martinček, Gustáv
Entry Personal Name
001 - CONTROL NUMBER
- control field: 43775
003 - CONTROL NUMBER IDENTIFIER
- control field: NUST
005 - DATE AND TIME OF LATEST TRANSACTION
- control field: 20210314132757.0
008 - FIXED-LENGTH DATA ELEMENTS
- fixed length control field: 210314|| aca||aabn | a|a d
040 ## - CATALOGING SOURCE
- Original cataloging agency: NUST
- Transcribing agency: NUST
100 ## - HEADING--PERSONAL NAME
- Personal name: Martinček, Gustáv
670 ## - SOURCE DATA FOUND
- Source citation: Work cat.: (NUST): Martinček, Gustáv., Dynamics of pavement structures /, 1994.
